000 00757cab a2200217 4500
001 WB3408-14
008 090401t1998 xxu||||| |||| 00| 0 eng d
035 _a(Sirsi) u84533
041 _aeng
245 _aMillennium village
260 _c1998
350 _a0
490 _aDETR News Release
_vENV/110 18 February 1998, (3)
520 _aEnglish Partnership`s Millennium Village competition aimed at enhancing environmental sustainability in urban design has been won by the Greenwich Millennium Team`s for its proposed 32 acre site on the Greenwich peninsula.
650 _aENVIRONMENTAL SUSTAINABILITY
650 _aMILLENNIUM
650 _aURBAN DESIGN
690 _aENVIRONMENTAL AND LAND CONSULTANCY
942 _n0
948 _c26/02/1998
999 _c53124
_d53124